| 000 | 01196cam a2200301 a 4500 | ||
|---|---|---|---|
| 001 | 13026385 | ||
| 005 | 20170105102920.0 | ||
| 008 | 021210s2003 nyua bd 001 0ceng | ||
| 010 | _a 2002192849 | ||
| 020 | _a9788130914336 (hb) | ||
| 040 |
_aDLC _cDLC _dDLC |
||
| 042 | _apcc | ||
| 050 | 0 | 0 |
_aD412 _b.B55 2003 |
| 082 | 0 | 0 |
_a909.82/9/0922 _aB _221 |
| 245 | 0 | 0 |
_aBiographical dictionary of modern world leaders : _b1992 to the present / _c[compiled by] John C. Fredriksen. |
| 260 |
_aNew York : _bFacts On File, _cc2003. |
||
| 300 |
_ax, 566 p. : _bill. ; _c24 cm. |
||
| 440 | 0 | _aFacts on File library of world history | |
| 504 | _aIncludes bibliographical references and index. | ||
| 650 | 0 |
_aStatesmen _vBiography _vDictionaries. |
|
| 650 | 0 |
_aHeads of state _vBiography _vDictionaries. |
|
| 650 | 0 |
_aBiography _y20th century _vDictionaries. |
|
| 650 | 0 |
_aBiography _y21st century _vDictionaries. |
|
| 700 | 1 | _aFredriksen, John C. | |
| 906 |
_a7 _bcbc _corignew _d1 _eocip _f20 _gy-gencatlg |
||
| 942 |
_2ddc _cBK |
||
| 999 |
_c15521 _d15521 |
||